Sports Quiz

Random Sports or NFL Quiz
Score 0/30 Timer 07:00
5 Plays Today
% Correct
PATRIOTS
90.3%
STEELERS
87.8%
JACKIE ROBINSON
86.3%
BULLFIGHTING
85.8%
BROWNS
85.4%
ICING
84.7%
SUPERDOME
84.3%
MAGIC JOHNSON
84.2%
GIANTS
83.8%
LEW ALCINDOR
82.9%
SPEARING
82.5%
HOOKING
81.9%
SKELETON
81.2%
RUGBY UNION
80.6%
PIGEON SHOOTING
80%
% Correct
BASE JUMPING
79%
ASTRODOME
78.2%
CLIPPING
78.1%
OLYMPIC STADIUM
77.4%
FORD FIELD
76.9%
49ERS
76.2%
AT&T STADIUM
76.1%
WILT CHAMBERLAIN
76%
PETER GRAVES
75%
CRAIG BIGGIO
74.7%
CROSS-CHECKING
72.5%
JOE MORGAN
71.8%
ROBERTO ALOMAR
69.8%
ROGERS HORNSBY
68%
ELVIN HAYES
67.4%
Remove Ads.
Support Sporcle.
Get the best of Sporcle when you Go Orange. This ad-free experience offers more features, more stats, and more fun while also helping to support Sporcle. Thank you for becoming a member.

You're not logged in!

Compare scores with friends on all Sporcle quizzes.
OR
Log In

Show Comments

Extras

Top Quizzes Today


Score Distribution

Your Account Isn't Verified!

In order to create a playlist on Sporcle, you need to verify the email address you used during registration. Go to your Sporcle Settings to finish the process.

Report this User

Report this user for behavior that violates our Community Guidelines.

Details: